000
00447nam a2200145Ia 4500
008
090124s9999 xx 000 0 und d
082
_b
403076
245
_a
भाऊ असावा तर असा
250
_a
1
260
_b
देवळे शंकर रामचंद्र
_c
1994
300
_a
63
630
_a
भाऊ असावा तर असा
730
_a
भाऊ असावा तर असा
942
_c
BOOK
999
_c
199539
_d
199539